Star Wars Clones - Statistics

General Stats
  • This quiz has been taken 229 times
    223 since last reset
  • The average score is 26 of 80
Answer Stats
Picture Answer % Correct
Rex
100%
Fives
93%
99
79%
Echo
78%
Cody
76%
Hunter
75%
Crosshair
74%
Tech
73%
Omega
72%
Wrecker
72%
Jesse
71%
Fox
70%
Wolffe
68%
Gregor
65%
Tup
64%
Boil
60%
Hardcase
59%
Waxer
59%
Kix
58%
Thorn
55%
Appo
53%
Dogma
52%
Hevy
52%
Gree
51%
Bly
49%
Vaughn
45%
Cutup
43%
Keeli
39%
Ponds
37%
Colt
34%
Denal
31%
Blitz
27%
Havoc
26%
Thire
26%
Hawk
25%
Jek
24%
Fil
23%
Jet
23%
Slick
23%
Monnk
22%
Boost
21%
Grey
21%
Hammer
21%
Trauma
21%
Sinker
20%
Oddball
18%
Stone
18%
Blackout
17%
Crys
16%
Lock
16%
Longshot
16%
Mixer
16%
Redeye
16%
Comet
15%
Cut Lawquane
15%
Warthog
15%
Rys
14%
Axe
12%
Matchstick
12%
Buzz
11%
Bel
9%
Goji
9%
Razor
9%
Draa
8%
Chopper
7%
Havoc
6%
Slammer
6%
Jester
5%
Kickback
5%
Scythe
5%
Tag
5%
Trap
5%
Tucker
5%
Crasher
4%
Edge
4%
Ox
4%
Punch
4%
Sketch
4%
Pulsar
3%
Fury
2%
No matching quizzes found
Score Distribution
Percent of People with Each Score
Percentile by Number Answered
Your Score History
You have not taken this quiz since the last reset